Couleur des sièges des stations de la ligne 3 du métro parisien - Statistiques

Statistiques générales
  • Ce quiz a été pris 4 fois
  • Le résultat moyen est 13 sur 25
Statistiques - réponses
Hint Réponse % Correct
3 Pont de Levallois - Bécon Blanc
75%
3 Anatole France Jaune
75%
3 Arts et Métiers Vert
75%
3 Gambetta Vert
75%
3 Quatre-Septembre Blanc
50%
3 Parmentier Blanc
50%
3 Pereire Bleu
50%
3 République Bleu
50%
3 Saint-Lazare Bleu Ciel
50%
3 Réaumur - Sébastopol Bleu Ciel
50%
3 Europe Bois
50%
3 Villiers Cyan
50%
3 Bourse Cyan
50%
3 Porte de Champerret Jaune
50%
3 Havre - Caumartin Jaune
50%
3 Sentier Jaune
50%
3 Père Lachaise Jaune
50%
3 Gallieni Jaune
50%
3 Rue Saint-Maur Orange
50%
3 Louise Michel Rouge
50%
3 Opéra Rouge
50%
3 Porte de Bagnolet Rouge
50%
3 Malesherbes Vert
50%
3 Wagram Bleu
25%
3 Temple Bois
0%
Aucun quiz correspondant
Distribution des résultats
% des personnes avec chaque résultat
Percentile par nombre de réponses
Votre historique - résultats
Vous n’avez pas pris ce quiz